00516nam a2200193Ia 4500003000400000005001700004008004100021020002200062040000700084041000800091082001900099100001700118245009200135260004000227300001600267365001700283440000600300650001600306OSt20230408112308.0210423s2017 xx 000 0 und d a978-81-309-3171-5 cAL aeng a510 223bTABH aTABAK (John) aHistory of mathematics: beyond geometry Rev Ed Vol 2bNew mathematics of space and form aNew DelhibViva Books Pvt Ltdc2017 axix,217bHB b1499.16cINR v2 aMathematics